000 00874cam a2200241 4500
001 Wb3633-25
008 000000n2000 000 0 eng u
035 _a(Sirsi) u107988
245 _aLondon agents web start-up
260 _c2000
490 _aEstates Gazette
_v(0033) 19 August 2000, 26(1)
520 _aForty north London agents have pledged more than £400,000 for shares in a yet-to-be launched residential website Fastcrop. The website will be in direct competition with propertyfinder.co.uk which has already lost leading backers Knight Frank and FPDSavills to the new start-up.
590 _aWB
650 _aE-COMMERCE
650 _aRESIDENTIAL AGENTS
650 _aPROPERTY SALES
650 _aPROPERTYFINDER
650 _aFASTCROP
650 _aFPDSAVILLS
650 _aKNIGHT FRANK
690 _aINFORMATION TECHNOLOGY-INTERNET
942 _n0
999 _c64511
_d64511